000 00380cam a2200157ua 4500
041 _aeng
_h
082 _a821
_bLAN/LA
100 _aLandor, .
245 _aLandor poetry and prose /
_cLandor.
_hTextual Documents
250 _a1 /
_b.
260 _aLondon :
_bOxford University Press ,
_c1955.
300 _a185 ; .
504 _a
942 _cBK
999 _c12760
_d12760